| 000 | 00809nac a22002777a 4500 | ||
|---|---|---|---|
| 001 | BR7401089 | ||
| 003 | BR-BrBNA | ||
| 005 | 20240105113750.0 | ||
| 008 | 230509b bl.|||m| |||| 00| 0 por d | ||
| 040 |
_aBR-BrBNA _bpor _cBiblioteca Nacional de Agricultura |
||
| 072 | _aQ10; E10 | ||
| 090 | _a9920 BR7401089 | ||
| 100 | 1 | _aRasovsky, E.M. | |
| 110 | 1 |
_aInstituto do Acucar e do Alcool, Rio de Janeiro, GB (Brasil) _96295 |
|
| 245 | 1 | _aAlcool. Destilarias | |
| 260 | 3 |
_aRio de Janeiro, GB (Brasil): _c1973. |
|
| 300 | _a384 p. | ||
| 490 |
_aColecao Canavieira (Brazil) _vno. 12 _x |
||
| 500 | _a19 ref.; 62 illus. | ||
| 650 | _aALCOOL | ||
| 650 | _aDESTILARIA | ||
| 650 | _aBEBIDA ALCOOLICA | ||
| 650 | _aDESTILACAO | ||
| 909 |
_a202312 _bLúcia Elande _c55 _dLúcia Elande |
||
| 942 |
_2AGRIS _n0 _cMS |
||
| 999 |
_c265446 _d265446 |
||